000 00579nam a2200229Ia 4500
003 OSt
005 20221005133517.0
006 a|||||r|||| 00| 0
007 ta
008 221004b |||||||| |||| 00| 0 mar d
024 _a40481
037 _cTextual
040 _aCRL
_cCRL
_bmar
041 _2mar
_amar
082 _aR66xJ50,1:g, 155D6.1
100 _aRaykar
_9642542
245 0 _aYogiraj sohirobanathkrit
300 _a210p.
_ccm.
650 _aPHILOSOPHY
942 _hR66xJ50,1:g, 155D6.1
_cTEXL
_2cc
999 _c1067054
_d1067054